000 01269nam a2200301 a 4500
001 000025597
005 20250722122138.0
008 110218s2002 dr r 000 0 spa d
040 _aDO-SdBNP
_bspa
_cBNPHU
041 1 7 _aspa
_hfr
_2Código de idioma MARC
082 _a364.15
_bT266t
100 1 _aTejada, Darío
_918722
245 1 0 _aTráfico de niños haitianos hacia la República Dominicana =
_bTrafic des enfants haitiens vers la Republique Dominicaine /
_cDarío Tejada, Céméphise Gilles, Juan Artola.
246 1 1 _aTrafic des enfants haitiens vers la Republique Dominicaine.
260 _aSanto Domingo :
_bUNICEF :
_bOIM,
_c2002.
300 _a40, 40 p. :
_bil. ;
_c25 cm.
563 _aObra en idioma español y francés con encuadernación invertida en paginación independiente.
590 _aInventariado, 2018/BT
650 4 _aSecuestro
_952285
650 0 _aNiños desaparecidos
_952286
650 4 _aNiños desaparecidos
_zHaití
_952287
650 0 _a Tráfico de personas
_952288
700 1 2 _aGilles, Céméphise
_952289
700 1 2 _aArtola, Juan
_938370
710 _aFondo de las Naciones Unidas para la Infancia
_99270
710 2 _a Organización Internacional para las Migraciones
_92058
910 _aValidado. Control de calidad BNPHU
999 _c25089
_d25089